| 000 | 00453nam a2200181Ia 4500 | ||
|---|---|---|---|
| 001 | 18041 | ||
| 005 | 20260306171601.0 | ||
| 008 | 260306s9999||||xx |||||||||||||| ||und|| | ||
| 041 | _aESP | ||
| 082 |
_a658.4 _bA124 |
||
| 100 |
_aAckoff, Russell L _eAUT |
||
| 245 | 0 |
_aEl paradigma de Ackoff: _buna administración sistemática |
|
| 260 | _c2002 | ||
| 300 |
_a367 páginas : _c20 cm. |
||
| 650 | _aGEN | ||
| 654 | _aCAN | ||
| 942 |
_cLIB _dJUS _fJUS _2ddc _n |
||
| 999 |
_c18041 _d18041 |
||